000 01000cam a22002055a 4500
001 L154490
008 111214s2011 xxk f 000 0 eng d
035 _a(Sirsi) u154490
041 0 _aeng
110 2 _aUnited Kingdom
_bDepartment for Communities and Local Government
_94939
245 0 0 _aLifetime neighbourhoods
_h[electronic resource]
260 _aLondon
_bDCLG
_c2011
520 _aDescribes the key elements that make up a lifetime neighbourhood. Sets out how individual residents, communities, local government, practitioners, councillors, the voluntary sector and the private sector can become involved and contribute to the development of lifetime neighbourhoods.
521 _aKA NTK
651 4 _aENGLAND AND WALES
690 _aENVIRONMENT AND LAND CONSULTANCY-PLANNING AND DEVELOPMENT
690 _aPROPERTY-RESIDENTIAL PROPERTY
856 4 0 _uhttps://www.communities.gov.uk/documents/housing/pdf/2044122.pdf
_zView the item free of charge at www.communities.gov.uk
942 _n0
999 _c113010
_d113010